Geography Quiz

Random Geography or City Quiz
Score 0/20 Timer 05:00
0 Plays Today
Bridge Name City % Correct
Fatih Sultan MehmetIstanbul
69.6%
Crescent CityNew Orleans
68.6%
Nelson MandelaJohannesburg
67.5%
Pont NeufParis
60.3%
AmbassadorDetroit & Windsor
59.8%
Verrazano-Narrows New York
54.1%
Captain CookSydney or Brisbane
50.5%
Jacques CartierMontreal & Longueuil
50.5%
James Joyce (Blackhall Place)Dublin
50%
Vasco da GamaLisbon
49.5%
Bridge Name City % Correct
RialtoVenice
49%
LomonosovSt. Petersburg
46.4%
Siekierkowski (Holy Cross)Warsaw
38.7%
Forth RoadEdinburgh
35.1%
Presidente Costa e Silva (Rio-Niteroi)Rio de Janeiro & Niteroi
24.7%
Howrah (Rabindra Setu)Kolkata & Howrah
23.7%
Rama VIIIBangkok
22.7%
Sixth OctoberCairo
18%
Olympic GrandSeoul
16%
LupuShanghai
8.2%
Remove Ads.
Support Sporcle.
Get the best of Sporcle when you Go Orange. This ad-free experience offers more features, more stats, and more fun while also helping to support Sporcle. Thank you for becoming a member.

You're not logged in!

Compare scores with friends on all Sporcle quizzes.
OR
Log In

Sporcle TV

Today on Sporcle TV


Watch our educational content, quiz creation guides, and fun videos on Sporcle TV.

Show Comments

Extras

Top Quizzes Today


Score Distribution

Paid Content

Your Account Isn't Verified!

In order to create a playlist on Sporcle, you need to verify the email address you used during registration. Go to your Sporcle Settings to finish the process.

Report this User

Report this user for behavior that violates our Community Guidelines.

Details: